| 000 | 00606nam a2200241Ia 4500 | ||
|---|---|---|---|
| 003 | OSt | ||
| 005 | 20221006151450.0 | ||
| 006 | a|||||r|||| 00| 0 | ||
| 007 | ta | ||
| 008 | 221006b |||||||| |||| 00| 0 eng d | ||
| 020 | _cY2000 | ||
| 024 | _a22,213 | ||
| 037 | _cTextual | ||
| 040 |
_aEASL _cEASL _beng |
||
| 041 |
_2eng _aeng |
||
| 100 |
_aKOKUSAI BUNKA KAIKAN _9659277 |
||
| 245 | 0 | _aNihon no sanko tosho (Kaiteiban) | |
| 260 |
_aTokyo _bNihon Tosho Kankyokai _c1967 |
||
| 300 |
_a335p. _ccm. |
||
| 650 | _aJL | ||
| 942 |
_cTEXL _2CC |
||
| 999 |
_c1090299 _d1090299 |
||